000 00505nam a22002057a 4500
003 OSt
005 20140311163217.0
008 131021t xxu||||| |||| 00| 0 eng d
020 _a0439712777
050 _aPZ 7
_b.St787 2004
100 _aStanley, Diane
_96413
245 _aGoldie and The Three Bears /
_cDiane Stanley.
260 _aNew York :
_bScholastic,
_c2004.
300 _bcol. ill. ;
_c30 cm.
521 _aG2
526 _c380
942 _2lcc
_cBK
999 _c42892
_d42892